000111949 001__ 111949
000111949 005__ 20220329090305.0
000111949 037__ $$aTAZ-TFG-2018-814
000111949 041__ $$aspa
000111949 1001_ $$aLoscertales Vacas, Guillermo Samuel
000111949 24200 $$aREVIEW OF CROHN'S PEDIATRIC DISEASE: A CHIL CASE REPORT
000111949 24500 $$aREVISIÓN DE LA ENFERMEDAD DE CROHN PEDIÁTRICA: A PROPÓSITO DE UN CASO
000111949 260__ $$aZaragoza$$bUniversidad de Zaragoza$$c2018
000111949 506__ $$aby-nc-sa$$bCreative Commons$$c3.0$$uhttp://creativecommons.org/licenses/by-nc-sa/3.0/
000111949 520__ $$aA propósito de un caso clínico de Crohn pediátrico se ha realizado una revisión bibliográfica para actualizar el conocimiento sobre esta enfermedad inflamatoria intestinal. La etiopatogenia multicausal de la enfermedad, el retraso de crecimiento como síntoma guía pediátrico, las pruebas complementarias, los más plausibles diagnósticos diferenciales o el tratamiento en función de la clasificación del brote, son tan sólo algunos de los temas que se tratan en esta combinación de revisión y caso clínico.  Se pretende por ende ayudar al clínico en su manejo y comprensión de la patología desde el primer síntoma del paciente, en este largo recorrido diagnóstico hasta el tratamiento y seguimiento, ofreciendo ayudas prácticas en base a la revisión efectuada.  Palabras clave: Enfermedad de Crohn – Pediatría – Artritis - Retraso de crecimiento- Revisión – Niños – Adalimumab – Inmunosupresión - Colonoscopia  A bibliographic review has been carried out in relation to a clinical case of pediatric Chron’s disease with the aim of updating current knowledge of this inflammatory bowel disease. The multicausal etiology of this disease, delayed growth as a pediatric symptom guide, supplementary tests, the most plausible differential diagnoses or treatment regarding the classification of the outbreak, are just some of the issues addressed in this combined clinical case report and literature review.  The aim of this review is to help doctors in managing and understanding the pathology from the appearance of the very first symptom to the treatment and clinical follow up. Practical help and advice based on the review is offered.  Key words: Cronh’s Disease – Pediatric – Arthritis - Growth retardation - Review- Children-  Adalimumab – Immunosuppression - Colonoscopy<br />
000111949 521__ $$aGraduado en Medicina
000111949 540__ $$aDerechos regulados por licencia Creative Commons
000111949 700__ $$aGaragorri Otero, Jesús María$$edir.
000111949 7102_ $$aUniversidad de Zaragoza$$bPediatría, Radiología y Medicina Física$$c
000111949 8560_ $$f559331@celes.unizar.es
000111949 8564_ $$s4004314$$uhttps://zaguan.unizar.es/record/111949/files/TAZ-TFG-2018-814.pdf$$yMemoria (spa)
000111949 909CO $$ooai:zaguan.unizar.es:111949$$pdriver$$ptrabajos-fin-grado
000111949 950__ $$a
000111949 951__ $$adeposita:2022-03-29
000111949 980__ $$aTAZ$$bTFG$$cMED
000111949 999__ $$a20180530212240.CREATION_DATE